000
00215 a2200097 4500
001
1219
100
_a
Ricardo,S,H.R
245
_a
High speedinternal combustion engines
260
_a
_b
Havreap
_c
090
_c
781
_d
781
942
_a
NUST-CAE
_c
M
_c
34500
999
_c
236292
_d
236292